Stochastic Geometry and Its Applications

Gespeichert in:
Bibliographische Detailangaben
1. Verfasser: Stoyan, Dietrich
Weitere Verfasser: Kendall, Wilfrid S., Mecke, Joseph
Format: Buch
Sprache:Englisch
Veröffentlicht: Berlin Akademie 1987
Ausgabe:1. ed.
Tags: Tag hinzufügen
Keine Tags, Fügen Sie das erste Tag hinzu!

MARC

LEADER 00000nam a2200000 4500
001 c038994
005 20221219120641.3
041 0 |a eng 
044 |a DE 
245 1 0 |a Stochastic Geometry and Its Applications  |c Dietrich Stoyan, Wilfrid S. Kendall, Joseph Mecke 
250 |a 1. ed. 
264 1 |a Berlin  |b Akademie  |c 1987 
300 |a 345 s. 
100 1 |a Stoyan, Dietrich 
700 1 |a Kendall, Wilfrid S. 
700 1 |a Mecke, Joseph